000
00305nam a22001217a 4500
999
_c
14002
_d
14002
020
_a
978-1-4419-7307-8
082
_a
616.89
100
_a
Donald K. Fromme
245
_a
Systems of Psychotherapy: Dialectical Tensions and Integration
260
_a
USA
_b
Springer
_c
2010
300
_a
550 pages
942
_c
BK